Marvel Movies By Picture - Statistics

General Stats
  • This quiz has been taken 375 times
  • The average score is 13 of 15
Answer Stats
Picture Hint Answer % Correct
2002 Spider-Man
100%
2012 The Amazing Spider-Man
100%
2003 Hulk
98%
2008 Iron Man
98%
2012 The Avengers
98%
2011 Thor
96%
2015 Ant-Man
93%
2011 Captain America: The First Avenger
93%
2021 Black Widow
88%
2021 Spider-Man: No Way Home
79%
2019 Avengers: Endgame
73%
2003 Daredevil
73%
2018 Avengers: Infinity War
66%
2018 Spider-Man Into the Spider-Verse
62%
2013 The Wolverine
50%
No matching quizzes found
Score Distribution
Percent of People with Each Score
Percentile by Number Answered
Your Score History
You have not taken this quiz